| 000 | 00475nam a22001697a 4500 | ||
|---|---|---|---|
| 008 | 150608b xxu||||| |||| 00| 0 eng d | ||
| 020 | _a9780071772785 | ||
| 041 | 0 | _aeng | |
| 080 | _a512.1 | ||
| 100 | 1 | _aMuschla-Berry, Erin. | |
| 245 | 1 | 0 |
_aPre-algebra / _cErin Muschla-Berry. |
| 260 |
_aNew York : _bMcGraw Hill, _cc2013. |
||
| 300 |
_a145 f. : _bme il. ; _c28 cm. |
||
| 490 | 0 | _aPractice makes perfect | |
| 650 | 0 |
_aMatematikë _vProbleme, ushtrime, etj. |
|
| 942 |
_2udc _cBK |
||
| 999 |
_c1003 _d1003 |
||